000 00606cam a2200229ua 4500
005 20210211151809.0
008 170330n ii |||gr||||Z||||||asm
020 _a9789384303235
040 _cMAIN
_aIN-DiNC
041 _dasm
082 _a001
_bPAU
100 _aPaul, Pranab,
_eauthor
245 _aSnatakar bahumukhi paath
_cBy Pranab Paul and Sangita Paul
250 _a1st ed.
260 _aDibrugarh:
_bMahaveer,
_c2015.
300 _a207p.
650 _aMultidisciplinary course
653 _aKnowledge
653 _aMulti disciplinary
700 _aPaul, Sangita,
_eauthor
942 _cBK
_2ddc
999 _c9108
_d9108